000 00304nam a22001337a 4500
008 170629b xxu||||| |||| 00| 0 eng d
020 _a9780024278258
041 _aeng
080 _23RD
_a82
100 _a22
101 _aGJL
245 _aLITERATURE OF THE WESTERN WORLD
_cWILKIE,B
942 _2udc
_cBK
999 _c19659
_d19659